Online
Catalog

Ensayo sobre crecimiento económico y planificación / (Record no. 24164)

MARC details
000 -CABECERA
campo de control de longitud fija 00981nam a2200253 a 4500
001 - NÚMERO DE CONTROL
campo de control 000024671
005 - FECHA Y HORA DE LA ÚLTIMA TRANSACCIÓN
campo de control 20200930023312.0
008 - DATOS DE LONGITUD FIJA--INFORMACIÓN GENERAL
campo de control de longitud fija 110202s1979 sp r 000 0 spa d
020 ## - NÚMERO INTERNACIONAL ESTÁNDAR DEL LIBRO
Número Internacional Estándar del Libro 8430908099
040 ## - FUENTE DE LA CATALOGACIÓN
Centro catalogador/agencia de origen DO-SdBNP
Lengua de catalogación spa
Centro/agencia transcriptor BNPHU
041 17 - CÓDIGO DE LENGUA
Código de lengua del texto/banda sonora o título independiente spa
Código de lengua original eng
Fuente del código Código de idiomas MARC
082 ## - NÚMERO DE LA CLASIFICACIÓN DECIMAL DEWEY
Número de clasificación nn*
Número de documento/Ítem nn*
049 ## - FONDOS LOCALES (OCLC)
Fondos de biblioteca BNGR
100 1# - ENTRADA PRINCIPAL--NOMBRE DE PERSONA
Nombre de persona Dobb, Maurice.
9 (RLIN) 50589
240 10 - TÍTULO UNIFORME
Título uniforme An assay on economic growth and planning.
Lenguaje de la obra Español
245 10 - MENCIÓN DE TÍTULO
Título Ensayo sobre crecimiento económico y planificación /
Mención de responsabilidad, etc. Maurice Dobb ; traducción de Manuel Sanchez Ayuso.
260 ## - PUBLICACIÓN, DISTRIBUCIÓN, ETC.
Lugar de publicación, distribución, etc. Madrid :
Nombre del editor, distribuidor, etc. Tecnos,
Fecha de publicación, distribución, etc. 1979.
300 ## - DESCRIPCIÓN FÍSICA
Extensión 126 p. ;
Dimensiones 23 cm.
490 1# - MENCIÓN DE SERIE
Mención de serie Biblioteca Tecnos de Ciencias Económicas.
Designación de volumen o secuencia 17
534 ## - NOTA SOBRE LA VERSIÓN ORIGINAL
Encabezamiento principal del original Versión castellana de la obra :
Mención de título del original An assay on economic growth and planning
500 ## - NOTA GENERAL
Nota general Incluye referencias bibliográficas y notas al pie de las páginas.
700 1# - PUNTO DE ACCESO ADICIONAL--NOMBRE DE PERSONA
Nombre de persona Sanchez Ayuso, Manuel,
Término indicativo de función/relación tr.
9 (RLIN) 50590
830 #0 - PUNTO DE ACCESO ADICIONAL DE SERIE-TÍTULO UNIFORME
Título uniforme Biblioteca Tecnos de Ciencias Económicas
Designación de volumen o secuencia 17
9 (RLIN) 50591
Holdings
Estado de retiro Estado de pérdida Restricciones de uso No para préstamo Código de colección Localización permanente Ubicación/localización actual Ubicación en estantería Fecha de adquisición Número de inventario Total de préstamos Signatura topográfica completa Código de barras Fecha visto por última vez Precio válido a partir de Tipo de ítem Koha
        Monografías: Libros y Folletos General General En catalogación 02.02.2011 LF1   nn* nn* 24671-10 25.06.2020 25.06.2020 Préstamo en sala

Powered by Koha